000 01064cam a2200301 a 4500
001 4000726
003 OSt
005 20211005144900.0
008 961121s1997 nyua b 001 0 eng
010 _a 96050430
020 _a9780824798444
038 _aKhadija
040 _aDLC
_cDLC
_dDLC
050 0 0 _aTA405
_b.D326 1997
082 0 0 _a620.112
_221
_bDAT
100 1 _aDatsko, Joseph,
_d1921-
_982940
245 1 0 _aMaterials Selection for Design and Manufacturing :
_btheory and practice /
_cJoseph Datsko.
260 _aNew York :
_bMarcel Dekker,
_cc1997.
300 _axii, 376 p. :
_bill. ;
_c24 cm.
504 _aIncludes bibliographical references and index.
563 _aPB
650 0 _aStrength of materials.
_9563
650 0 _aMetals.
856 4 2 _3Publisher description
_uhttp://www.loc.gov/catdir/enhancements/fy0647/96050430-d.html
906 _a7
_bcbc
_corignew
_d1
_eocip
_f19
_gy-gencatlg
942 _2ddc
_cBK
999 _c33967
_d33967